000
00303nam a2200121Ia 4500
008
220217s9999||||xx |||||||||||||| ||und||
082
_a
410 CSR
100
_a
Basu, Siddahartha
245
0
_a
Master Mind India
260
_a
BBC Teksons
_b
New Delhi
_c
1999
300
_b
180
650
_a
GENERAL BOOKS
999
_c
175723
_d
175723